000 00616nam a22001817a 4500
005 20251108164334.0
008 250721s1990 xx 000 0 ara d
082 1 4 _a671.5/تور
100 1 _aالتورنجي، محمد
245 1 0 _aقطع المعادن /
264 1 _aبغداد :
_bوزارة التعليم العالي و البحث العلمي - جامعة التكنولوجيه - اللجنه الجامعيه للشؤون العلميه،
_c1990.
300 _a337ص
650 1 7 _aالمعادن
650 1 7 _aالخراطة
700 1 _aشنشل، ضياء
942 _2ddc
_cBK
999 _c9705
_d9705